[Event "15th Africa-ch"]
[Site "Hammamet TUN"]
[Date "2019.07.15"]
[Round "7.3"]
[White "Fawzy, Adham"]
[Black "Adly, Ahmed"]
[Result "0-1"]
[WhiteElo "2476"]
[BlackElo "2618"]
[EventDate "2019.07.09"]
[PlyCount "114"]

1.e4 c5 2.Nf3 d6 3.d4 cxd4 4.Nxd4 Nf6 5.Nc3 Nc6 6.Bg5 Qb6 7.Be3 Qc7 8.Ndb5
Qa5 9.Bd2 Qd8 10.Nd5 Nxd5 11.exd5 Ne5 12.c4 a6 13.Nd4 g6 14.Bc3 Bg7 15.Be2
O-O 16.O-O e6 17.dxe6 fxe6 18.Qd2 Qc7 19.Rac1 Bd7 20.Rfd1 Nf7 21.Qe1 Bh6 
22.Bd2 Bg7 23.Bc3 Rae8 24.c5 dxc5 25.Nb3 b6 26.Bxg7 Kxg7 27.Bxa6 Ba4 28.
Bc4 Qf4 29.Qc3+ Kg8 30.Rf1 Ne5 31.Nd2 Rf5 32.Rce1 Bc6 33.Re3 Rh5 34.Rg3 
Rh4 35.Be2 Rd8 36.Rd1 Qf5 37.Nf1 Rhd4 38.Re1 Rf8 39.f3 Rfd8 40.Qc1 Qf6 41.
Ne3 Rd2 42.Qc3 Rxb2 43.Qxb2 Nxf3+ 44.Bxf3 Qxb2 45.Bxc6 Qxa2 46.h4 Qa5 47.
Rf1 c4 48.Kh2 Qc5 49.Be4 Rd4 50.Ng4 Kg7 51.Ra1 b5 52.Rga3 Rd7 53.Rg3 b4 
54.Rc1 Rd4 55.Re3 Qd6+ 56.Kh3 b3 57.Rce1 Rd1 0-1

[Event "15th Africa-ch"]
[Site "Hammamet TUN"]
[Date "2019.07.15"]
[Round "7.6"]
[White "Kayonde, Andrew"]
[Black "Anwuli, Daniel"]
[Result "1-0"]
[WhiteElo "2382"]
[BlackElo "2295"]
[EventDate "2019.07.09"]
[PlyCount "55"]

1.d4 Nf6 2.Bg5 Ne4 3.Bf4 c5 4.f3 Nf6 5.dxc5 Nc6 6.e4 b6 7.Bb5 Bb7 8.Nc3 
bxc5 9.Nge2 Nh5 10.Bg5 h6 11.Be3 e6 12.Qd2 a6 13.Ba4 Be7 14.O-O-O Rc8 15.
g4 Nf6 16.Bf4 Na5 17.Qd3 Nc6 18.h4 Nb4 19.Qe3 Kf8 20.g5 hxg5 21.hxg5 Rxh1 
22.Rxh1 Ng8 23.Rh7 d5 24.Be5 f6 25.Nf4 Qb6 26.Ng6+ Kf7 27.Nxe7 d4 28.gxf6 
1-0

[Event "15th Africa-ch"]
[Site "Hammamet TUN"]
[Date "2019.07.15"]
[Round "7.7"]
[White "Makoto, Rodwell"]
[Black "Hbacha, Achraf"]
[Result "1-0"]
[WhiteElo "2381"]
[BlackElo "2249"]
[EventDate "2019.07.09"]
[PlyCount "109"]

1.Nf3 d5 2.c4 d4 3.b4 c5 4.b5 Nd7 5.g3 e5 6.d3 f5 7.Bg2 Bd6 8.a4 Ne7 9.e4 
f4 10.Bh3 Ng6 11.Bf5 Qf6 12.h4 Ne7 13.Bh3 fxg3 14.fxg3 O-O 15.O-O Qg6 16.
Kg2 Nf6 17.Bxc8 Raxc8 18.Nh2 Nh5 19.Rxf8+ Rxf8 20.Qg4 Qf7 21.Ra2 Ng6 22.
Kg1 Nf6 23.Qe2 h6 24.Nd2 Qe6 25.Kg2 Be7 26.Ndf1 Qf7 27.Qf3 Qe8 28.Rf2 Nd5 
29.Qg4 Rxf2+ 30.Kxf2 Qf7+ 31.Kg2 Nb4 32.Qe2 Nf8 33.Ng4 Bd6 34.Nfh2 Qg6 35.
h5 Qe6 36.Nf2 Nh7 37.Qf3 Be7 38.Qf5 Qxf5 39.exf5 Bg5 40.Bxg5 Nxg5 41.Nf3 
Nf7 42.Kf1 Kf8 43.Ke2 Ke7 44.a5 b6 45.a6 Kf6 46.g4 Nd6 47.Nd2 Ke7 48.Nfe4 
Nf7 49.Nf3 Kd7 50.Nh4 Nd6 51.Nxd6 Kxd6 52.g5 hxg5 53.f6 Ke6 54.fxg7 Kf7 
55.Nf5 1-0

[Event "15th Africa-ch"]
[Site "Hammamet TUN"]
[Date "2019.07.15"]
[Round "7.10"]
[White "Amdouni, Zoubaier"]
[Black "Adu, Oladapo"]
[Result "1-0"]
[WhiteElo "2248"]
[BlackElo "2302"]
[EventDate "2019.07.09"]
[PlyCount "99"]

1.e4 g6 2.d4 Bg7 3.Nc3 d6 4.Be3 a6 5.a4 Nf6 6.f3 O-O 7.Qd2 Nc6 8.h4 h5 9.
Nh3 e5 10.d5 Nd4 11.Ne2 Nxe2 12.Bxe2 Bd7 13.Nf2 b5 14.axb5 axb5 15.O-O Qb8
16.Ra5 Rxa5 17.Qxa5 c6 18.dxc6 Bxc6 19.Nd3 d5 20.Nb4 Rc8 21.Nxc6 Rxc6 22.
Bd3 dxe4 23.fxe4 Ng4 24.Qa7 Qxa7 25.Bxa7 Bf8 26.Ra1 Be7 27.g3 Kg7 28.Ra5 
b4 29.Ra6 Rc7 30.Kf1 Rb7 31.Ke2 Nf6 32.Be3 Nd7 33.Ra5 Rc7 34.Rd5 f6 35.b3 
Nc5 36.Bd2 Ne6 37.Bc4 Nd4+ 38.Kd3 Nf3 39.Be3 f5 40.exf5 gxf5 41.Ke2 Nd4+ 
42.Bxd4 exd4 43.Rxf5 Kh6 44.Kd2 Bd8 45.Be2 Rc3 46.Rxh5+ Kg6 47.Rd5 Bc7 48.
Bd3+ Kh6 49.Rd7 Kh5 50.Bf5 1-0

[Event "15th Africa-ch"]
[Site "Hammamet TUN"]
[Date "2019.07.15"]
[Round "7.11"]
[White "El-Arbi, Abobker"]
[Black "Mesfin, Leykun"]
[Result "1-0"]
[WhiteElo "2312"]
[BlackElo "2160"]
[EventDate "2019.07.09"]
[PlyCount "67"]

1.d4 Nf6 2.Nf3 g6 3.c4 Bg7 4.g3 O-O 5.Bg2 c5 6.d5 d6 7.Nc3 Na6 8.O-O Nc7 
9.e4 Rb8 10.a4 Na6 11.Re1 Ng4 12.h3 Ne5 13.Nxe5 Bxe5 14.f4 Bg7 15.e5 Nb4 
16.e6 f5 17.Na2 Na6 18.Rb1 b6 19.Bd2 Bb7 20.Kh2 Qe8 21.Bf1 Nc7 22.Bd3 Ba6 
23.Qc2 Bb7 24.Rg1 Bd4 25.g4 Bxg1+ 26.Rxg1 fxg4 27.Rxg4 Rf6 28.Bc3 Nxd5 29.
cxd5 Bxd5 30.Bxf6 exf6 31.Bxg6 hxg6 32.Rxg6+ Kf8 33.Rxf6+ Ke7 34.Qf5 1-0

[Event "15th Africa-ch"]
[Site "Hammamet TUN"]
[Date "2019.07.15"]
[Round "7.12"]
[White "Barbaria, Yacine"]
[Black "Balogun, Oluwafemi"]
[Result "0-1"]
[WhiteElo "2210"]
[BlackElo "2279"]
[EventDate "2019.07.09"]
[PlyCount "64"]

1.e4 d6 2.d4 Nf6 3.Nc3 g6 4.Bg5 c6 5.Qd2 Nbd7 6.O-O-O Qa5 7.Kb1 b5 8.f3 b4
9.Nce2 Ba6 10.h4 Rb8 11.Nh3 h5 12.Nc1 Bxf1 13.Rhxf1 Bg7 14.Rfe1 O-O 15.g4 
c5 16.e5 Nd5 17.Nb3 Nc3+ 18.bxc3 bxc3 19.Qe2 Qb4 20.Nf4 Qa3 21.Nd3 c4 22.
Bc1 Qa4 23.gxh5 Rfc8 24.Nc5 Nxc5 25.dxc5 Rxc5 26.Rd4 Ra5 27.a3 Rxe5 28.Re4
Rxe4 29.Qxe4 Rxb3+ 30.Ka2 Rb8 31.hxg6 Qb5 32.gxf7+ Kh8 0-1

[Event "15th Africa-ch"]
[Site "Hammamet TUN"]
[Date "2019.07.15"]
[Round "7.13"]
[White "Silva, David"]
[Black "Mulenga, Prince Daniel"]
[Result "0-1"]
[WhiteElo "2246"]
[BlackElo "2279"]
[EventDate "2019.07.09"]
[PlyCount "68"]

1.Nf3 d5 2.d4 Nf6 3.Bf4 e6 4.e3 Bd6 5.Bg3 Bxg3 6.hxg3 c5 7.c3 Qb6 8.Qc2 
Nc6 9.Nbd2 Bd7 10.Ne5 Rc8 11.Qb3 Nxe5 12.dxe5 Ng4 13.Nf3 h5 14.Be2 g6 15.
c4 dxc4 16.Bxc4 Qb4+ 17.Kf1 Ba4 18.Qxb4 cxb4 19.b3 Bc6 20.a3 bxa3 21.Rxa3 
a6 22.Ra5 b5 23.Be2 Bb7 24.Ra1 Ke7 25.b4 Rhd8 26.Rh4 Rc3 27.Ng5 Nxe5 28.
Ne4 Bxe4 29.Rxe4 Nc6 30.Kg1 f5 31.Rf4 Nb8 32.Bf3 Rd6 33.e4 Rdc6 34.Rh4 
Rc1+ 0-1

[Event "15th Africa-ch"]
[Site "Hammamet TUN"]
[Date "2019.07.15"]
[Round "7.15"]
[White "Oragwu, Chukwunonso"]
[Black "De Gondo, Simplice Armel"]
[Result "0-1"]
[WhiteElo "2191"]
[BlackElo "2115"]
[EventDate "2019.07.09"]
[PlyCount "88"]

1.e4 c5 2.Nf3 d6 3.d4 cxd4 4.Nxd4 Nf6 5.Nc3 a6 6.Bg5 Nbd7 7.Qe2 e6 8.O-O-O
b5 9.a3 Bb7 10.f4 Qc7 11.g4 O-O-O 12.Bg2 Be7 13.Rhe1 h6 14.Bxf6 gxf6 15.f5
Nc5 16.Kb1 Kb8 17.Qf3 Rc8 18.Re3 e5 19.Nde2 Na4 20.Rc1 Nb6 21.Nd5 Bxd5 22.
exd5 Nc4 23.Rd3 Qa5 24.Rcd1 Rc7 25.Nc1 Rhc8 26.Rc3 Qa4 27.Qf2 Rb7 28.Bf1 
Bd8 29.Rb3 Bb6 30.Qe2 Ne3 31.Rd2 Nxf1 32.Qxf1 Qxg4 33.Rg3 Qe4 34.Na2 Ba5 
35.b4 Bb6 36.Nc3 Qf4 37.Qxf4 exf4 38.Rgd3 Re8 39.Re2 Rbe7 40.Rxe7 Rxe7 41.
Rf3 Bd4 42.Ka2 Bxc3 43.Rxc3 Re5 44.Rf3 Rxf5 0-1

[Event "15th Africa-ch"]
[Site "Hammamet TUN"]
[Date "2019.07.15"]
[Round "7.16"]
[White "Boudriga, Med Ali"]
[Black "Jmila, Omar"]
[Result "1/2-1/2"]
[WhiteElo "2333"]
[BlackElo "2119"]
[EventDate "2019.07.09"]
[PlyCount "61"]

1.e4 e5 2.Nf3 Nc6 3.Bb5 Nge7 4.d4 exd4 5.Nxd4 Ng6 6.O-O Bc5 7.Nb3 Bb6 8.c4
a6 9.c5 Ba7 10.Be2 O-O 11.Nc3 Re8 12.Re1 d6 13.Be3 Be6 14.Nd5 Nce7 15.cxd6
Qxd6 16.Bxa7 Rxa7 17.Nxe7+ Qxe7 18.Bf1 b6 19.Qc2 c5 20.Nd2 b5 21.a4 c4 22.
axb5 axb5 23.Nf3 Rea8 24.Rxa7 Qxa7 25.Qc3 Qa5 26.Qxa5 Rxa5 27.Nd4 Bd7 28.
Rd1 Kf8 29.b3 cxb3 30.Nxb3 Ra3 31.Rb1 1/2-1/2

[Event "15th Africa-ch"]
[Site "Hammamet TUN"]
[Date "2019.07.15"]
[Round "7.17"]
[White "Klaasen, Calvin"]
[Black "Winston-Onyiah, Sasha"]
[Result "1-0"]
[WhiteElo "2285"]
[BlackElo "1968"]
[EventDate "2019.07.09"]
[PlyCount "104"]

1.d4 Nf6 2.c4 g6 3.Nc3 Bg7 4.e4 d6 5.Nf3 Bg4 6.Be2 O-O 7.Be3 e5 8.d5 Bxf3 
9.Bxf3 Ne8 10.O-O f5 11.h3 f4 12.Bd2 Qh4 13.Bg4 Na6 14.a3 h5 15.Bf3 Nf6 
16.Kh2 Nh7 17.Be2 Ng5 18.f3 Qg3+ 19.Kh1 Nh7 20.Be1 Qg5 21.b4 h4 22.Bf2 Qh6
23.c5 Nf6 24.c6 Rad8 25.cxb7 Nb8 26.Nb5 Rf7 27.Rc1 g5 28.Qd3 a6 29.Nxc7 
Rdd7 30.Ne6 Rxb7 31.Nd8 Kh7 32.Nxb7 Rxb7 33.Rc8 Nh5 34.Rfc1 Qf6 35.R1c7 
Rxc7 36.Rxc7 Qd8 37.Rc1 Nd7 38.Qxa6 Nf8 39.Kg1 Ng3 40.Bd3 Ng6 41.Qc8 Qf6 
42.b5 g4 43.Qxg4 Qd8 44.b6 Qa8 45.Bxg3 Qxa3 46.Qh5+ Kg8 47.Rc8+ Nf8 48.
Bxh4 Qxd3 49.Kh2 Qb1 50.Be7 Qe1 51.Rxf8+ Bxf8 52.Qg6+ Bg7 1-0

[Event "15th Africa-ch"]
[Site "Hammamet TUN"]
[Date "2019.07.16"]
[Round "8.1"]
[White "Adly, Ahmed"]
[Black "Rakotomaharo, Fy Antenaina"]
[Result "1-0"]
[WhiteElo "2618"]
[BlackElo "2419"]
[EventDate "2019.07.09"]
[PlyCount "81"]

1.d4 Nf6 2.g3 g6 3.Bg2 d5 4.c4 c6 5.Qa4 Nfd7 6.cxd5 Nb6 7.Qd1 cxd5 8.h4 
Bg7 9.h5 Nc6 10.Nf3 Bg4 11.Nc3 Bxf3 12.Bxf3 Nxd4 13.Bg2 e6 14.e4 O-O 15.
Kf1 Rc8 16.a4 dxe4 17.Bxe4 Nd5 18.Kg2 Qf6 19.Ra3 Nxc3 20.bxc3 Nf5 21.Bxb7 
Rxc3 22.Bb2 Rxg3+ 23.Rxg3 Qxb2 24.Rb3 Qa2 25.Rd3 Qc4 26.hxg6 hxg6 27.Rhh3 
a5 28.Rd7 Bf6 29.Rhd3 Rb8 30.Kg1 Kg7 31.Qb3 Qg4+ 32.Kf1 Nd4 33.Qd1 Qxd1+ 
34.Rxd1 Nb3 35.Bc6 Nc5 36.Ra7 Bc3 37.Bb5 Rh8 38.Rc7 Bb4 39.Rd4 Ba3 40.Rf4 
Rf8 41.Rc4 1-0

[Event "15th Africa-ch"]
[Site "Hammamet TUN"]
[Date "2019.07.16"]
[Round "8.2"]
[White "Arab, Adlane"]
[Black "Amin, Bassem"]
[Result "0-1"]
[WhiteElo "2479"]
[BlackElo "2707"]
[EventDate "2019.07.09"]
[PlyCount "50"]

1.d4 Nf6 2.Nf3 g6 3.c4 Bg7 4.Nc3 O-O 5.g3 d6 6.Bg2 Nbd7 7.O-O e5 8.d5 a5 
9.e4 Nc5 10.Ne1 Nfd7 11.Nd3 Nxd3 12.Qxd3 f5 13.exf5 gxf5 14.Be3 b6 15.f3 
Nc5 16.Qd2 Bd7 17.g4 Qf6 18.gxf5 Bxf5 19.Ne4 Qg6 20.Nxc5 bxc5 21.f4 Rab8 
22.fxe5 Bxe5 23.Bh6 Rxb2 24.Qg5 Qxg5 25.Bxg5 Bd3 0-1

[Event "15th Africa-ch"]
[Site "Hammamet TUN"]
[Date "2019.07.16"]
[Round "8.5"]
[White "Makoto, Rodwell"]
[Black "Amdouni, Zoubaier"]
[Result "1-0"]
[WhiteElo "2381"]
[BlackElo "2248"]
[EventDate "2019.07.09"]
[PlyCount "137"]

1.Nf3 Nf6 2.c4 e6 3.g3 d5 4.d4 dxc4 5.Bg2 Nc6 6.Qa4 Bb4+ 7.Bd2 Nd5 8.Qb5 
Bxd2+ 9.Nbxd2 c3 10.bxc3 Nxc3 11.Qc5 Nd5 12.O-O Qe7 13.Qc2 O-O 14.e4 Nb6 
15.Rfd1 Rd8 16.Nf1 Bd7 17.Ne3 Be8 18.Rab1 Nb4 19.Qc5 Nc6 20.Qc3 a5 21.a3 
a4 22.d5 Na5 23.Nd4 Nb3 24.dxe6 Nxd4 25.exf7+ Bxf7 26.Rxd4 Rxd4 27.Nf5 Qf6
28.Qxd4 Qxd4 29.Nxd4 Rd8 30.Nb5 Nc4 31.e5 Nxe5 32.Bxb7 c5 33.f4 Nc4 34.Nc3
Nxa3 35.Ra1 Rb8 36.Be4 Rb3 37.Nxa4 c4 38.Nc5 Rc3 39.Kf2 g6 40.Ke2 Nb5 41.
Kd2 Ra3 42.Rxa3 Nxa3 43.Bc6 Kf8 44.Kc3 Be8 45.Ne6+ Ke7 46.Bxe8 Kxe8 47.Nd4
Ke7 48.Kb2 Kd6 49.Kxa3 Kd5 50.Nf3 Ke4 51.Ne5 g5 52.fxg5 Kxe5 53.Kb2 Kf5 
54.h4 Ke5 55.Kc3 Kd5 56.g4 Ke5 57.h5 Ke6 58.Kxc4 Ke5 59.Kd3 Ke6 60.Ke4 Kf7
61.Kf5 Kg7 62.Ke6 Kf8 63.Kf6 Kg8 64.g6 hxg6 65.Kxg6 Kh8 66.g5 Kg8 67.h6 
Kh8 68.Kf7 Kh7 69.g6+ 1-0

[Event "15th Africa-ch"]
[Site "Hammamet TUN"]
[Date "2019.07.16"]
[Round "8.6"]
[White "Balogun, Oluwafemi"]
[Black "Fawzy, Adham"]
[Result "1-0"]
[WhiteElo "2279"]
[BlackElo "2476"]
[EventDate "2019.07.09"]
[PlyCount "71"]

1.e4 c5 2.Nf3 Nc6 3.d3 g6 4.g3 Bg7 5.Bg2 e5 6.O-O Nge7 7.c3 O-O 8.a3 d5 9.
Nbd2 d4 10.cxd4 cxd4 11.b4 a6 12.Rb1 h6 13.Nb3 Kh7 14.Ne1 f5 15.f4 Qd6 16.
Qc2 b6 17.Nd2 b5 18.exf5 Bxf5 19.Ne4 Bxe4 20.Bxe4 Rac8 21.Qg2 Nf5 22.Nf3 
Ne3 23.Bxe3 dxe3 24.Bxc6 Rxc6 25.Nxe5 Rc3 26.Qe4 Rxa3 27.Rbc1 e2 28.Rfe1 
Ra4 29.Rc6 Qxb4 30.Qxg6+ Kh8 31.Rxe2 Qd4+ 32.Kg2 Qd5+ 33.Kh3 Qg8 34.Rc7 
Qh7 35.Nf7+ Kg8 36.Qe6 1-0

[Event "15th Africa-ch"]
[Site "Hammamet TUN"]
[Date "2019.07.16"]
[Round "8.8"]
[White "Munenga, Douglas"]
[Black "Bouzidi, Ahmed"]
[Result "1/2-1/2"]
[WhiteElo "2329"]
[BlackElo "2191"]
[EventDate "2019.07.09"]
[PlyCount "96"]

1.e4 e5 2.Nf3 Nc6 3.Bb5 Nf6 4.Qe2 Be7 5.c3 d6 6.O-O Bd7 7.d4 O-O 8.Re1 Re8
9.d5 Nb8 10.Nbd2 Bxb5 11.Qxb5 Qc8 12.Qe2 Nbd7 13.Nf1 a5 14.Ng3 c6 15.c4 
cxd5 16.cxd5 Nc5 17.Bg5 g6 18.h3 Qd8 19.Rad1 Nh5 20.Bxe7 Nxg3 21.fxg3 Rxe7
22.g4 a4 23.g5 f6 24.Rf1 Rf7 25.gxf6 Rxf6 26.Qe3 Qe7 27.g3 Raf8 28.Kg2 Qc7
29.Ng5 Qb6 30.Rxf6 Rxf6 31.Rd2 Qd8 32.h4 Qd7 33.Rc2 b6 34.Ne6 Nxe6 35.dxe6
Qxe6 36.Qxb6 Qg4 37.Qb7 Rf7 38.Qc8+ Qxc8 39.Rxc8+ Kg7 40.Rb8 Kf6 41.Rb4 
Rc7 42.a3 Rc2+ 43.Kf3 h5 44.Rxa4 Rxb2 45.Rb4 Rc2 46.Rb3 Rc4 47.Rd3 Ke6 48.
Rb3 Ra4 1/2-1/2

[Event "15th Africa-ch"]
[Site "Hammamet TUN"]
[Date "2019.07.16"]
[Round "8.10"]
[White "De Gondo, Simplice Armel"]
[Black "Chumfwa, Stanley"]
[Result "1-0"]
[WhiteElo "2115"]
[BlackElo "2297"]
[EventDate "2019.07.09"]
[PlyCount "79"]

1.d4 Nf6 2.c4 g6 3.Nc3 Bg7 4.e4 d6 5.f3 O-O 6.Bg5 c5 7.d5 e6 8.Qd2 h6 9.
Bxh6 Nxe4 10.Nxe4 Qh4+ 11.g3 Qxh6 12.Qxh6 Bxh6 13.Nxd6 exd5 14.cxd5 Nd7 
15.f4 Nf6 16.O-O-O Rd8 17.Nxc8 Raxc8 18.Bh3 Rb8 19.Bg2 b5 20.Nh3 b4 21.
Rhe1 Rd7 22.Ng5 Kf8 23.d6 Rb6 24.Re5 c4 25.Rc5 c3 26.bxc3 bxc3 27.Rc7 c2 
28.Rd2 Rdxd6 29.Rxd6 Rxd6 30.Rxf7+ Ke8 31.Rxa7 Ng4 32.Ra3 Bg7 33.Kxc2 Rb6 
34.Ra8+ Ke7 35.Ra7+ Kf8 36.Bh3 Rc6+ 37.Kd2 Bc3+ 38.Ke2 Nxh2 39.Be6 Rd6 40.
Bh3 1-0

[Event "15th Africa-ch"]
[Site "Hammamet TUN"]
[Date "2019.07.16"]
[Round "8.11"]
[White "Hamdouchi, Hichem"]
[Black "Adu, Oladapo"]
[Result "1-0"]
[WhiteElo "2575"]
[BlackElo "2302"]
[EventDate "2019.07.09"]
[PlyCount "53"]

1.e4 c5 2.Nf3 d6 3.Bc4 e6 4.Bb3 Nc6 5.c3 Nf6 6.Qe2 Be7 7.d4 cxd4 8.cxd4 d5
9.e5 Ne4 10.O-O Qb6 11.Rd1 O-O 12.Bc2 f5 13.exf6 Nxf6 14.Nc3 Bd7 15.a3 Bd6
16.Be3 Rae8 17.Ne5 Re7 18.f4 Be8 19.g4 Na5 20.Rf1 Qc7 21.Bd3 Nb3 22.Rad1 
a6 23.Qc2 Qb6 24.g5 Ne4 25.Nxe4 dxe4 26.Bxe4 g6 27.Nc4 1-0

[Event "15th Africa-ch"]
[Site "Hammamet TUN"]
[Date "2019.07.16"]
[Round "8.12"]
[White "Anwuli, Daniel"]
[Black "Oussedik, Mahfoud"]
[Result "0-1"]
[WhiteElo "2295"]
[BlackElo "2440"]
[EventDate "2019.07.09"]
[PlyCount "134"]

1.c4 Nf6 2.g3 e6 3.Nf3 d5 4.b3 d4 5.Bg2 c5 6.O-O Nc6 7.d3 Be7 8.e3 O-O 9.
exd4 Nxd4 10.Bb2 Qb6 11.Nc3 Bd7 12.Ne5 Be8 13.Ne2 Nf5 14.d4 Rd8 15.d5 exd5
16.cxd5 Nd6 17.Qc2 Bd7 18.Rac1 Rc8 19.Nxd7 Nxd7 20.Bh3 Rfd8 21.Rfe1 Rc7 
22.Nf4 Bg5 23.Nh5 Bh6 24.Qe2 Nf8 25.Qe5 Ne8 26.Rcd1 Qd6 27.Qe2 Qg6 28.f4 
Nd6 29.g4 f6 30.Kh1 Re8 31.Qf3 Rce7 32.Rxe7 Rxe7 33.f5 Qe8 34.Bxf6 Re1+ 
35.Bf1 Re3 36.Qg2 Nxf5 37.Bxg7 Bxg7 38.gxf5 Qxh5 39.f6 Ng6 40.Qd2 Bxf6 41.
d6 Re4 42.Qc2 Rd4 43.Bc4+ Kg7 44.Rf1 Qe5 45.Qg2 Qe4 46.Qxe4 Rxe4 47.Bd5 
Rd4 48.Bxb7 Rxd6 49.Rc1 Bd4 50.Rc4 a5 51.Be4 Nf4 52.h4 Rh6 53.Kh2 Rxh4+ 
54.Kg3 Ng6 55.Bxg6 Bf2+ 56.Kxf2 Rxc4 57.Bxh7 Rd4 58.Bb1 Rd1 59.Be4 Kf6 60.
Ke2 Ra1 61.a4 Ke5 62.Bg6 Kd4 63.Kd2 Rh1 64.Kc2 Rh2+ 65.Kb1 Kc3 66.Bf7 Rb2+
67.Ka1 Rxb3 0-1

[Event "15th Africa-ch"]
[Site "Hammamet TUN"]
[Date "2019.07.16"]
[Round "8.14"]
[White "Simutowe, Musatwe"]
[Black "Boudriga, Med Ali"]
[Result "0-1"]
[WhiteElo "2170"]
[BlackElo "2333"]
[EventDate "2019.07.09"]
[PlyCount "103"]

1.d4 d5 2.Nf3 Nf6 3.c4 e6 4.g3 dxc4 5.Qa4+ c6 6.Qxc4 b5 7.Qc2 Bb7 8.Bg2 
Nbd7 9.O-O c5 10.Rd1 Rc8 11.Qb3 a6 12.Nc3 c4 13.Qc2 b4 14.Nb1 Qa5 15.Nbd2 
c3 16.Nb3 Qa4 17.Ne1 cxb2 18.Qxb2 Bxg2 19.Nxg2 Be7 20.Bg5 O-O 21.Rac1 Qb5 
22.h4 Nb6 23.Rxc8 Rxc8 24.Rc1 Rxc1+ 25.Nxc1 h6 26.Bd2 a5 27.Nf4 Nc4 28.Qc2
Nxd2 29.Qxd2 Qc4 30.e3 Ne4 31.Qb2 Bd6 32.Nfd3 a4 33.Qe2 f5 34.Qb2 g5 35.
hxg5 hxg5 36.Ne1 g4 37.Qc2 Qxc2 38.Nxc2 Nd2 39.Nd3 b3 40.axb3 axb3 41.Na1 
Ba3 42.Nxb3 Nxb3 43.Kf1 Nd2+ 44.Ke2 Ne4 45.Kf1 Bd6 46.Kg2 Kf7 47.Nc1 Ke7 
48.Ne2 Nd2 49.Nc3 Kd7 50.Nd1 Kc6 51.Nb2 Kb5 52.Kg1 0-1

[Event "15th Africa-ch"]
[Site "Hammamet TUN"]
[Date "2019.07.16"]
[Round "8.15"]
[White "Mesfin, Leykun"]
[Black "Klaasen, Calvin"]
[Result "0-1"]
[WhiteElo "2160"]
[BlackElo "2285"]
[EventDate "2019.07.09"]
[PlyCount "118"]

1.e4 c5 2.Nf3 Nc6 3.d4 cxd4 4.Nxd4 g6 5.Nc3 Bg7 6.Be3 Nf6 7.Qd2 O-O 8.
O-O-O Ng4 9.h3 Nxe3 10.fxe3 d6 11.Kb1 a6 12.Bc4 Ne5 13.Bb3 b5 14.Rhf1 Bb7 
15.Bd5 Qd7 16.b3 Rac8 17.Bxb7 Qxb7 18.Nd5 e6 19.Nf6+ Bxf6 20.Rxf6 Qxe4 21.
Rdf1 Nd7 22.R6f4 Qe5 23.Nf3 Qc3 24.Qxc3 Rxc3 25.Ng5 f6 26.Nxe6 Re8 27.Kb2 
Rcc8 28.Nd4 Rxe3 29.Rd1 f5 30.Rf2 Nc5 31.Re2 Rxe2 32.Nxe2 Ne4 33.Rd4 Kf7 
34.a4 Rc5 35.Nf4 Kf6 36.Nd3 Rc8 37.axb5 axb5 38.Rb4 Nc3 39.Rf4 Nd1+ 40.Kc1
Ne3 41.Ne1 g5 42.Rb4 Rc5 43.Kd2 f4 44.Rd4 Ke6 45.c3 h6 46.g4 Re5 47.Rd3 
Nf1+ 48.Kd1 Ng3 49.Nf3 Rc5 50.Nd4+ Kd7 51.Kd2 Ne4+ 52.Kc2 Re5 53.Nf5 h5 
54.Rd4 hxg4 55.hxg4 f3 56.Rd1 f2 57.Rf1 Rxf5 58.gxf5 g4 59.Kd3 g3 0-1

[Event "15th Africa-ch"]
[Site "Hammamet TUN"]
[Date "2019.07.16"]
[Round "8.16"]
[White "Kamara, Ansumana"]
[Black "Silva, David"]
[Result "1-0"]
[WhiteElo "1895"]
[BlackElo "2246"]
[EventDate "2019.07.09"]
[PlyCount "65"]

1.e4 e5 2.Nf3 Nc6 3.Bb5 a6 4.Ba4 Nf6 5.d3 b5 6.Bb3 Be7 7.O-O O-O 8.c3 d5 
9.exd5 Nxd5 10.Re1 Bg4 11.h3 Bh5 12.g4 Bg6 13.Nxe5 Nxe5 14.Rxe5 c6 15.Qf3 
Bf6 16.Re1 a5 17.Nd2 a4 18.Bxd5 cxd5 19.a3 Ra6 20.Nf1 Bh4 21.Ng3 f5 22.
Nxf5 Bxf5 23.gxf5 Bg5 24.Kh1 Rh6 25.Bxg5 Qxg5 26.Qxd5+ Kh8 27.Re3 Rhf6 28.
Rg1 Qh6 29.Rgg3 g6 30.fxg6 hxg6 31.Qd4 Kg8 32.Qe4 Kg7 33.Qe5 1-0

[Event "15th Africa-ch"]
[Site "Hammamet TUN"]
[Date "2019.07.16"]
[Round "8.17"]
[White "Kibrom, Weldegebriel Beraki"]
[Black "Barbaria, Yacine"]
[Result "0-1"]
[WhiteElo "1781"]
[BlackElo "2210"]
[EventDate "2019.07.09"]
[PlyCount "80"]

1.d4 Nf6 2.c4 e6 3.Nf3 d5 4.Nc3 c6 5.e3 Nbd7 6.Bd3 Bd6 7.O-O dxc4 8.Bxc4 
b5 9.Bd3 b4 10.Ne4 Nxe4 11.Bxe4 Bb7 12.Nd2 O-O 13.Nc4 Bc7 14.a3 Ba6 15.b3 
Bxh2+ 16.Kxh2 Qh4+ 17.Kg1 Qxe4 18.axb4 Bb5 19.f3 Qh4 20.f4 Nb6 21.Qc2 Nd5 
22.Bd2 f5 23.Rf3 Nf6 24.Be1 Qh5 25.Rh3 Qe8 26.Nd6 Qd7 27.Nxb5 cxb5 28.Qe2 
Rfc8 29.Rf3 a6 30.Rf1 Qd5 31.Qd3 Ne4 32.Qb1 Rc6 33.Ra2 Rac8 34.Rb2 h6 35.
Qa2 a5 36.g3 R8c7 37.Rg2 Qd6 38.g4 fxg4 39.Qe2 h5 40.Qd3 Qd5 0-1

[Event "15th Africa-ch"]
[Site "Hammamet TUN"]
[Date "2019.07.17"]
[Round "9.1"]
[White "Adly, Ahmed"]
[Black "Makoto, Rodwell"]
[Result "1-0"]
[WhiteElo "2618"]
[BlackElo "2381"]
[EventDate "2019.07.09"]
[PlyCount "65"]

1.Nf3 Nf6 2.g3 g6 3.Bg2 Bg7 4.d4 c6 5.c4 d5 6.O-O O-O 7.Qb3 Qb6 8.Nc3 Qxb3
9.axb3 Na6 10.cxd5 Nxd5 11.Nxd5 cxd5 12.Bg5 e6 13.Rfc1 Bd7 14.Bf1 Rfc8 15.
e3 f6 16.Bf4 Bf8 17.h4 Nb4 18.Rxc8 Bxc8 19.g4 Nc6 20.g5 f5 21.h5 gxh5 22.
Kg2 Bd7 23.Be2 Rc8 24.Ne5 Nxe5 25.Bxe5 a6 26.Bxh5 Rc2 27.Rh1 Bg7 28.Bf7+ 
Kxf7 29.Rxh7 Be8 30.Rxg7+ Kf8 31.Rxb7 Rxb2 32.Bd6+ Kg8 33.Rb8 1-0

[Event "15th Africa-ch"]
[Site "Hammamet TUN"]
[Date "2019.07.17"]
[Round "9.2"]
[White "Amin, Bassem"]
[Black "Rakotomaharo, Fy Antenaina"]
[Result "1/2-1/2"]
[WhiteElo "2707"]
[BlackElo "2419"]
[EventDate "2019.07.09"]
[PlyCount "63"]

1.e4 e5 2.Nf3 Nc6 3.Bc4 Bc5 4.O-O Nf6 5.d3 d6 6.c3 a6 7.Bb3 Ba7 8.Re1 h6 
9.Nbd2 g5 10.Nc4 g4 11.Nfd2 h5 12.Nf1 h4 13.Be3 Bd7 14.Bxa7 Nxa7 15.d4 Nc6
16.Qd3 Nh5 17.g3 Qg5 18.Rad1 O-O-O 19.Qe3 Rdg8 20.Qxg5 Rxg5 21.Nce3 Nf6 
22.Ng2 hxg3 23.fxg3 exd4 24.cxd4 Re8 25.Bxf7 Rxe4 26.Rxe4 Nxe4 27.Nd2 Nf6 
28.Nb3 Nd8 29.Bc4 Bb5 30.Ne3 Bxc4 31.Nxc4 Nd5 32.Re1 1/2-1/2